[Event "Titled Tuesday intern op 16th Apr Late"]
[Site "Chess.com INT"]
[Date "2024.04.16"]
[Round "7"]
[White "Akhayan, Ruben"]
[Black "Persson, Richard"]
[Result "1-0"]
[WhiteElo "2260"]
[BlackElo "2106"]
[PlyCount "69"]
[EventDate "2024.04.16"]
[EventType "swiss (blitz)"]
[EventRounds "11"]
[EventCountry "USA"]
[SourceTitle "CB17_2024"]
[SourceDate "2024.04.24"]
[SourceVersion "1"]
[SourceVersionDate "2024.04.24"]
[SourceQuality "1"]

1. e4 a6 2. d4 b5 3. Nf3 Bb7 4. Bd3 e6 5. h4 Nf6 6. Bg5 Be7 7. Nbd2 d5 8. e5 Nfd7 9. Qe2 c5 10. c3 Nc6 11. 0-0 h6 12. Bf4 g5 13. hxg5 hxg5 14. Be3 Qb6 15. dxc5 Bxc5 16. Bxc5 Qxc5 17. Nxg5 Ncxe5 18. Ndf3 Nxd3 19. Qxd3 Rg8 20. b4 Qe7 21. Qh7 Rxg5 22. Qh8+ Nf8 23. Nxg5 Qxg5 24. a4 0-0-0 25. Qd4 Nd7 26. axb5 axb5 27. Ra7 Rg8 28. g3 e5 29. Qd3 Qf6 30. Rfa1 Qb6 31. R1a5 e4 32. Qd4 Rxg3+ 33. fxg3 Qxd4+ 34. cxd4 Bc6 35. Ra1 1-0

[Event "Titled Tuesday intern op 16th Apr Late"]
[Site "Chess.com INT"]
[Date "2024.04.16"]
[Round "6"]
[White "Leschinsky, Gary"]
[Black "Persson, Richard"]
[Result "0-1"]
[WhiteElo "1992"]
[BlackElo "2106"]
[PlyCount "122"]
[EventDate "2024.04.16"]
[EventType "swiss (blitz)"]
[EventRounds "11"]
[EventCountry "USA"]
[SourceTitle "CB17_2024"]
[SourceDate "2024.04.24"]
[SourceVersion "1"]
[SourceVersionDate "2024.04.24"]
[SourceQuality "1"]

1. d4 b5 2. e4 a6 3. a4 b4 4. Bd3 Bb7 5. Nf3 e6 6. Qe2 Nf6 7. 0-0 d5 8. exd5 Nxd5 9. c4 bxc3 10. Nxc3 Be7 11. Bd2 c5 12. dxc5 Bxc5 13. Ne4 Be7 14. Rac1 Nd7 15. Nc5 Nxc5 16. Bb1 Nd7 17. Qd3 Qb6 18. a5 Qb5 19. Qxb5 axb5 20. Bd3 Ba6 21. Nd4 b4 22. Bxa6 Rxa6 23. Rc8+ Bd8 24. Nc6 Rxc6 25. Rxc6 Bxa5 26. Rc8+ Bd8 27. Ra1 N7b6 28. Rb8 Kd7 29. Ra7+ Kc6 30. Rxf7 g6 31. g3 Re8 32. Rxh7 Re7 33. Rxe7 Bxe7 34. Rg8 Nc4 35. Bc1 g5 36. Kg2 b3 37. Kf3 Nb4 38. Kg4 Nd3 39. Bxg5 Bxg5 40. Kxg5 Ndxb2 41. Rb8 Nb6 42. Re8 Kd7 43. Rf8 N2c4 44. Rf3 b2 45. Rb3 Nd5 46. h4 Nc3 47. h5 b1Q 48. Rxb1 Nxb1 49. Kg6 Ne5+ 50. Kg7 Ke7 51. h6 Nd2 52. h7 Nf7 53. g4 Nf3 54. Kg8 e5 55. Kg7 e4 56. Kg6 Ke6 57. Kg7 N3g5 58. Kg6 Nxh7 59. Kxh7 Kf6 60. Kg8 Ne5 61. Kh7 Nxg4 0-1

[Event "Titled Tuesday intern op 16th Apr Early"]
[Site "Chess.com INT"]
[Date "2024.04.16"]
[Round "1"]
[White "Novik, Maxim"]
[Black "Persson, Richard"]
[Result "1-0"]
[WhiteElo "2415"]
[BlackElo "2106"]
[PlyCount "67"]
[EventDate "2024.04.16"]
[EventType "swiss (blitz)"]
[EventRounds "11"]
[EventCountry "USA"]
[SourceTitle "CB17_2024"]
[SourceDate "2024.04.24"]
[SourceVersion "1"]
[SourceVersionDate "2024.04.24"]
[SourceQuality "1"]

1. e4 a6 2. d4 b5 3. Nf3 Bb7 4. Bd3 e6 5. Qe2 Nf6 6. e5 Nd5 7. c3 c5 8. a3 Nc6 9. 0-0 Be7 10. Re1 Qb6 11. Qe4 h6 12. Qg4 g5 13. Qh5 Na5 14. Bxg5 Nb3 15. Ra2 cxd4 16. Bxe7 Nxe7 17. Ng5 Rg8 18. Qxf7+ Kd8 19. Ne4 Nc5 20. Qf3 Nf5 21. Nbd2 Kc7 22. cxd4 Nxd4 23. Qe3 Nxd3 24. Qxd3 Rg7 25. b4 Rag8 26. g3 Bd5 27. Raa1 Nc6 28. Rac1 Kb7 29. Rc5 Nxe5 30. Qd4 Nc6 31. Qc3 Bxe4 32. Nxe4 d5 33. Nd6+ Kc7 34. Rc1 1-0

[Event "Titled Tuesday intern op 16th Apr Early"]
[Site "Chess.com INT"]
[Date "2024.04.16"]
[Round "3"]
[White "Persson, Richard"]
[Black "Rosh, Jain"]
[Result "0-1"]
[WhiteElo "2106"]
[BlackElo "2131"]
[PlyCount "82"]
[EventDate "2024.04.16"]
[EventType "swiss (blitz)"]
[EventRounds "11"]
[EventCountry "USA"]
[SourceTitle "CB17_2024"]
[SourceDate "2024.04.24"]
[SourceVersion "1"]
[SourceVersionDate "2024.04.24"]
[SourceQuality "1"]

1. e4 e5 2. Nf3 Nc6 3. Nc3 Nf6 4. Be2 Bb4 5. Nd5 Be7 6. Nxe7 Qxe7 7. d3 0-0 8. c3 d5 9. exd5 Nxd5 10. 0-0 Bf5 11. Qb3 Nb6 12. Be3 Rad8 13. Rfd1 Be6 14. Qc2 h6 15. a4 f5 16. b4 Qf6 17. Bc5 Rfe8 18. b5 Ne7 19. a5 Nbd5 20. Bxa7 Nf4 21. Bf1 Bd5 22. Ne1 Neg6 23. c4 Be6 24. a6 b6 25. c5 Bd5 26. cxb6 cxb6 27. g3 Ra8 28. Bxb6 Qxb6 29. Bg2 Nxg2 30. Nxg2 Qxb5 31. Rdb1 Rxa6 32. Rxb5 Rxa1+ 33. Rb1 Rea8 34. Qc1 Rxb1 35. Qxb1 Ne7 36. Ne3 Bc6 37. f4 exf4 38. gxf4 Rd8 39. Nc4 Rd4 40. Qb4 Kf8 41. Ne5 Rxb4 0-1

[Event "Titled Tuesday intern op 09th Aug Late"]
[Site "Chess.com INT"]
[Date "2022.08.09"]
[Round "11"]
[White "Persson, Richard"]
[Black "Prohorov, Olexandr"]
[Result "0-1"]
[WhiteElo "2106"]
[BlackElo "2086"]
[PlyCount "74"]
[EventDate "2022.08.09"]
[EventType "swiss (blitz)"]
[EventRounds "11"]
[EventCountry "USA"]
[SourceTitle "EXT 2023"]
[Source "ChessBase"]
[SourceDate "2022.10.05"]
[SourceVersion "1"]
[SourceVersionDate "2022.10.05"]
[SourceQuality "1"]

1. e4 c5 2. Nf3 e6 3. d4 cxd4 4. Nxd4 Qb6 5. Nb3 Nf6 6. Nc3 Bb4 7. f3 d5 8. exd5 Nxd5 9. Bd2 Nxc3 10. bxc3 Be7 11. Bd3 Nc6 12. Qe2 0-0 13. Qe4 f5 14. Qe3 Qc7 15. Nd4 Re8 16. 0-0 Bc5 17. f4 Bd7 18. Kh1 Rad8 19. Be1 Qb6 20. Bh4 Rc8 21. Rab1 Qc7 22. Qg3 Kh8 23. Nf3 Bd6 24. Bg5 h6 25. Qh4 Kg8 26. Bxh6 gxh6 27. Ne5 Nxe5 28. fxe5 Bxe5 29. Qxh6 Bg7 30. Qg6 Re7 31. Rf3 Be8 32. Qg5 Qd6 33. Rbf1 Rxc3 34. h4 Rec7 35. h5 Qe7 36. Qg3 Bxh5 37. Re3 Kf7 0-1

[Event "Titled Tuesday intern op 09th Aug Late"]
[Site "Chess.com INT"]
[Date "2022.08.09"]
[Round "8"]
[White "Persson, Richard"]
[Black "Sadovsky, Artem"]
[Result "1-0"]
[WhiteElo "2106"]
[BlackElo "2276"]
[PlyCount "103"]
[EventDate "2022.08.09"]
[EventType "swiss (blitz)"]
[EventRounds "11"]
[EventCountry "USA"]
[SourceTitle "EXT 2023"]
[Source "ChessBase"]
[SourceDate "2022.10.05"]
[SourceVersion "1"]
[SourceVersionDate "2022.10.05"]
[SourceQuality "1"]

1. e4 Nc6 2. Nf3 d6 3. d4 Bg4 4. Bc4 e6 5. c3 Nf6 6. Qe2 Bxf3 7. Qxf3 Nxe4 8. Qxe4 d5 9. Qe2 dxc4 10. Qxc4 Bd6 11. Nd2 0-0 12. Ne4 Be7 13. 0-0 Qd5 14. Qe2 Rae8 15. Bf4 Bd8 16. Rfd1 b5 17. Nc5 e5 18. Be3 exd4 19. cxd4 Nxd4 20. Qxb5 Qxg2+ 21. Kxg2 Nxb5 22. Nd7 Rxe3 23. fxe3 Re8 24. Kf3 Bg5 25. Rd3 Bxe3 26. Rxe3 Nd4+ 27. Kf2 Rxe3 28. Kxe3 Nc2+ 29. Kd2 Nxa1 30. Kc1 f5 31. Kb1 f4 32. Ne5 g5 33. h3 Kg7 34. Kxa1 Kf6 35. Ng4+ Kf5 36. Kb1 h6 37. Nxh6+ Kg6 38. Ng4 Kh5 39. Kc2 Kh4 40. Nf2 f3 41. Kd2 Kg3 42. Ke3 Kg2 43. b4 c6 44. a4 a5 45. bxa5 c5 46. a6 c4 47. a7 c3 48. a8Q c2 49. Qxf3+ Kh2 50. Qh1+ Kg3 51. Qg1+ Kh4 52. Qg4# 1-0

[Event "Titled Tuesday intern op 09th Aug Late"]
[Site "Chess.com INT"]
[Date "2022.08.09"]
[Round "4"]
[White "Zenin, Dmitri"]
[Black "Persson, Richard"]
[Result "1-0"]
[WhiteElo "2163"]
[BlackElo "2106"]
[PlyCount "81"]
[EventDate "2022.08.09"]
[EventType "swiss (blitz)"]
[EventRounds "11"]
[EventCountry "USA"]
[SourceTitle "EXT 2023"]
[Source "ChessBase"]
[SourceDate "2022.10.05"]
[SourceVersion "1"]
[SourceVersionDate "2022.10.05"]
[SourceQuality "1"]

1. c4 e5 2. Nc3 Nc6 3. g3 Nf6 4. Bg2 Be7 5. e4 d6 6. Nge2 Bg4 7. h3 Be6 8. d3 Qd7 9. Nd5 a6 10. Be3 0-0 11. f4 exf4 12. gxf4 Qd8 13. 0-0 Rb8 14. d4 Bc8 15. e5 Ne8 16. Rc1 Bd7 17. Ng3 a5 18. a3 Kh8 19. Qh5 g6 20. Qh6 Rg8 21. Nxe7 Nxe7 22. Be4 Ng7 23. Kh2 Bf5 24. Bf3 b5 25. c5 d5 26. c6 Rb6 27. Rc5 Be6 28. Bg4 Rxc6 29. Rxb5 Bxg4 30. hxg4 Qd7 31. Rxa5 Rc2+ 32. Kh3 Rxb2 33. Rh1 Rb3 34. Kg2 Nh5 35. Nxh5 Qxg4+ 36. Ng3 Rb2+ 37. Bf2 Rg7 38. Ra8+ Ng8 39. Qg5 Qxg5 40. fxg5 Rd2 41. Rc1 1-0

[Event "Titled Tuesday intern op 02nd Aug Late"]
[Site "Chess.com INT"]
[Date "2022.08.02"]
[Round "8"]
[White "Paiva, Henrique MA Alberg"]
[Black "Persson, Richard"]
[Result "1/2-1/2"]
[WhiteElo "2078"]
[BlackElo "2106"]
[PlyCount "124"]
[EventDate "2022.08.02"]
[EventType "swiss (blitz)"]
[EventRounds "11"]
[EventCountry "USA"]
[SourceTitle "EXT 2023"]
[Source "ChessBase"]
[SourceDate "2022.10.05"]
[SourceVersion "1"]
[SourceVersionDate "2022.10.05"]
[SourceQuality "1"]

1. e4 d5 2. exd5 Qxd5 3. Nf3 Bg4 4. Be2 Nc6 5. h3 Bxf3 6. Bxf3 Qe6+ 7. Qe2 Qxe2+ 8. Bxe2 Nd4 9. Bd1 0-0-0 10. c3 Nc6 11. d4 e5 12. dxe5 Nxe5 13. 0-0 Bd6 14. Nd2 Nd3 15. Nc4 Bc5 16. Bg4+ Kb8 17. Be3 Nf6 18. b4 Bxe3 19. Nxe3 Nxg4 20. Nxg4 Rhe8 21. Ne3 Nf4 22. Rad1 Ne2+ 23. Kh2 Nxc3 24. Rc1 Nxa2 25. Rc4 Rd2 26. Kg3 Rb2 27. b5 Rxb5 28. Ra1 Nb4 29. Rb1 a5 30. Nc2 b6 31. Nd4 Re4 32. Rbc1 f5 33. Nxb5 Rxc4 34. Rxc4 c5 35. Rf4 g6 36. h4 Kb7 37. h5 Kc6 38. hxg6 hxg6 39. Nc3 b5 40. Kf3 a4 41. Rh4 a3 42. Rh8 Na6 43. Rg8 b4 44. Rxg6+ Kb7 45. Rg7+ Kb6 46. Na2 b3 47. Nc3 a2 48. Rg6+ Ka5 49. Rf6 a1Q 50. Ne2 Qb2 51. Rxf5 Nb4 52. Rxc5+ Kb6 53. Rc4 Nc2 54. Nc3 Ne1+ 55. Ke3 Qa1 56. Rb4+ Kc5 57. Rxb3 Nc2+ 58. Kd3 Nd4 59. Ne4+ Kd5 60. Nc3+ Kc5 61. Ne4+ Kd5 62. Nc3+ Kc5 1/2-1/2

[Event "Titled Tuesday intern op 02nd Aug Late"]
[Site "Chess.com INT"]
[Date "2022.08.02"]
[Round "9"]
[White "Persson, Richard"]
[Black "Bauer, Thomas"]
[Result "0-1"]
[WhiteElo "2106"]
[BlackElo "2228"]
[PlyCount "88"]
[EventDate "2022.08.02"]
[EventType "swiss (blitz)"]
[EventRounds "11"]
[EventCountry "USA"]
[SourceTitle "EXT 2023"]
[Source "ChessBase"]
[SourceDate "2022.10.05"]
[SourceVersion "1"]
[SourceVersionDate "2022.10.05"]
[SourceQuality "1"]

1. e4 e6 2. c4 c5 3. Nc3 Nc6 4. Nf3 g5 5. d4 g4 6. d5 gxf3 7. dxc6 fxg2 8. cxd7+ Qxd7 9. Bxg2 Qxd1+ 10. Nxd1 e5 11. Nc3 Be6 12. Nd5 Bxd5 13. exd5 f5 14. Bd2 Bd6 15. f4 Ne7 16. fxe5 Bxe5 17. 0-0-0 0-0 18. h4 f4 19. Bf3 Nf5 20. Rde1 Bd6 21. Re6 Rf7 22. Bc3 Rd8 23. Bh5 Rff8 24. Rg1+ Ng3 25. Kc2 Rf5 26. Bg4 Rf7 27. Rh6 Bf8 28. Re6 Bg7 29. Bf3 Bxc3 30. Kxc3 Kf8 31. b4 cxb4+ 32. Kxb4 b6 33. a4 Nf5 34. a5 Nd4 35. Bg4 bxa5+ 36. Kc3 Nxe6 37. Bxe6 Rg7 38. Rf1 Rg3+ 39. Kd4 f3 40. c5 Ke7 41. c6 Kd6 42. Rb1 f2 43. Rf1 Rf8 44. Ke4 Rg1 0-1

[Event "Titled Tuesday intern op 02nd Aug Late"]
[Site "Chess.com INT"]
[Date "2022.08.02"]
[Round "4"]
[White "Persson, Richard"]
[Black "Melikhov, Evgeny V"]
[Result "0-1"]
[WhiteElo "2106"]
[BlackElo "2292"]
[PlyCount "62"]
[EventDate "2022.08.02"]
[EventType "swiss (blitz)"]
[EventRounds "11"]
[EventCountry "USA"]
[SourceTitle "EXT 2023"]
[Source "ChessBase"]
[SourceDate "2022.10.05"]
[SourceVersion "1"]
[SourceVersionDate "2022.10.05"]
[SourceQuality "1"]

1. e4 c5 2. Nf3 d6 3. d4 cxd4 4. Nxd4 Nf6 5. Nc3 a6 6. Bg5 e6 7. Qf3 Nbd7 8. 0-0-0 Qc7 9. Be2 b5 10. Qg3 Bb7 11. Bxb5 axb5 12. Ndxb5 Qc6 13. Rxd6 Bxd6 14. Nxd6+ Kf8 15. f3 Nh5 16. Qh4 Qxd6 17. Qxh5 Nf6 18. Qh4 Qc5 19. Re1 Nd7 20. Be3 Qe7 21. Qf2 f6 22. Rd1 Kf7 23. a3 Rhd8 24. Nb5 Kg8 25. Nd6 Bc6 26. Bf4 Ne5 27. Qc5 Ba4 28. b3 Be8 29. Kb2 Nf7 30. Rd2 e5 31. Be3 Nxd6 0-1

[Event "Titled Tuesday intern op 02nd Aug Late"]
[Site "Chess.com INT"]
[Date "2022.08.02"]
[Round "6"]
[White "Zamorano, Jorge Adrian"]
[Black "Persson, Richard"]
[Result "0-1"]
[WhiteElo "2341"]
[BlackElo "2106"]
[PlyCount "74"]
[EventDate "2022.08.02"]
[EventType "swiss (blitz)"]
[EventRounds "11"]
[EventCountry "USA"]
[SourceTitle "EXT 2023"]
[Source "ChessBase"]
[SourceDate "2022.10.05"]
[SourceVersion "1"]
[SourceVersionDate "2022.10.05"]
[SourceQuality "1"]

1. e4 d5 2. exd5 Qxd5 3. Nc3 Qd6 4. g3 c6 5. Bg2 Nf6 6. Nge2 Bg4 7. b4 e6 8. b5 a6 9. bxc6 Nxc6 10. h3 Bh5 11. Rb1 b5 12. d3 Rc8 13. 0-0 Nd4 14. g4 Bg6 15. Nxd4 Qxd4 16. Ne2 Qc5 17. Bf4 Nd5 18. a4 b4 19. Bg3 Be7 20. Bxd5 Qxd5 21. Nf4 Qc5 22. Qf3 0-0 23. h4 h6 24. Nxg6 fxg6 25. Qe4 Qd5 26. Qxg6 Rxc2 27. Rfe1 Rf6 28. Qe8+ Bf8 29. Re5 Qxd3 30. Rxe6 Rxe6 31. Qxe6+ Kh7 32. Qf7 Rc8 33. Re1 b3 34. g5 b2 35. Kg2 b1Q 36. g6+ Qxg6 37. Qxg6+ Qxg6 0-1

[Event "Titled Tuesday intern op 28th Sept"]
[Site "Chess.com INT"]
[Date "2021.09.28"]
[Round "3"]
[White "Persson, Richard"]
[Black "Al Tarbosh, Ward"]
[Result "0-1"]
[WhiteElo "2106"]
[BlackElo "2182"]
[PlyCount "102"]
[EventDate "2021.09.28"]
[EventType "swiss (blitz)"]
[EventRounds "11"]
[EventCountry "USA"]
[SourceTitle "CBM 204 Extra"]
[Source "ChessBase"]
[SourceDate "2021.11.30"]
[SourceVersion "1"]
[SourceVersionDate "2021.11.30"]
[SourceQuality "1"]

1. e4 e6 2. c4 c5 3. Nc3 Nc6 4. g3 Nf6 5. Bg2 Be7 6. Nge2 d5 7. d3 dxc4 8. dxc4 Qxd1+ 9. Nxd1 Ne5 10. b3 Nd3+ 11. Kd2 Nxc1 12. Rxc1 0-0 13. f4 e5 14. f5 a6 15. Ndc3 b5 16. Nd5 Nxd5 17. cxd5 Bg5+ 18. Kc2 Bxc1 19. Rxc1 Bd7 20. g4 a5 21. h3 a4 22. Kb2 axb3 23. axb3 Rfc8 24. Rc2 c4 25. Nc1 f6 26. Bf1 Rab8 27. Na2 cxb3 28. Kxb3 Rxc2 29. Kxc2 Kf8 30. Kb3 Ke7 31. Kb4 Kd6 32. Nc3 Rc8 33. Bd3 h5 34. Be2 h4 35. Bd3 Ra8 36. Bxb5 Ra1 37. Bxd7 Kxd7 38. Kc5 Rc1 39. Kb4 Rh1 40. Na4 Rxh3 41. Nc5+ Ke7 42. Ne6 Rg3 43. Kc5 Rc3+ 44. Kb4 Rc8 45. Nxg7 h3 46. g5 h2 47. gxf6+ Kf7 48. Ne6 h1Q 49. d6 Qxe4+ 50. Kb5 Qb1+ 51. Ka6 Ra8# 0-1

[Event "Titled Tuesday intern op 31st Aug"]
[Site "Chess.com INT"]
[Date "2021.08.31"]
[Round "1"]
[White "Przybylski, Wojciech"]
[Black "Persson, Richard"]
[Result "0-1"]
[WhiteElo "2321"]
[BlackElo "2106"]
[PlyCount "56"]
[EventDate "2021.08.31"]
[EventType "swiss (blitz)"]
[EventRounds "11"]
[EventCountry "USA"]
[SourceTitle "EXT 2022"]
[Source "ChessBase"]
[SourceDate "2021.10.06"]
[SourceVersion "1"]
[SourceVersionDate "2021.10.06"]
[SourceQuality "1"]

1. d4 d5 2. Nf3 e6 3. Bf4 Bd6 4. g3 Qe7 5. Nbd2 Nf6 6. Bg2 0-0 7. 0-0 c5 8. e3 Nc6 9. c3 e5 10. dxe5 Nxe5 11. Nxe5 Bxe5 12. Nf3 Bc7 13. Qb3 h6 14. Rfe1 Rb8 15. Rad1 Rd8 16. c4 Be6 17. Ne5 Bxe5 18. Bxe5 dxc4 19. Qc2 Rxd1 20. Rxd1 Rd8 21. Rxd8+ Qxd8 22. Bxb7 Qd3 23. Qc1 Ne4 24. Kg2 Bg4 25. h3 Be2 26. Qe1 Nd2 27. Bc3 Bf1+ 28. Kh1 Nb1 0-1

[Event "Titled Tuesday intern op 24th Aug"]
[Site "Chess.com INT"]
[Date "2021.08.24"]
[Round "4"]
[White "Boydia, Sidi"]
[Black "Persson, Richard"]
[Result "0-1"]
[WhiteElo "2040"]
[BlackElo "2106"]
[PlyCount "49"]
[EventDate "2021.08.24"]
[EventType "swiss (blitz)"]
[EventRounds "11"]
[EventCountry "USA"]
[SourceTitle "EXT 2022"]
[Source "ChessBase"]
[SourceDate "2021.10.06"]
[SourceVersion "1"]
[SourceVersionDate "2021.10.06"]
[SourceQuality "1"]

1. e4 d5 2. exd5 Qxd5 3. Nc3 Qd6 4. d4 c6 5. Nf3 Nf6 6. Bc4 Bg4 7. Be3 e6 8. h3 Bh5 9. g4 Bg6 10. Qe2 Nbd7 11. 0-0-0 Be7 12. Rhg1 Qc7 13. h4 h5 14. g5 Nd5 15. Ne5 Nxc3 16. bxc3 Nxe5 17. Bf4 Nd3+ 18. cxd3 Qxf4+ 19. Kc2 0-0 20. Rde1 Qd6 21. Rgf1 b5 22. Bb3 a5 23. Kd2 b4 24. c4 Qxd4 25. f4 0-1

[Event "Titled Tuesday intern op 24th Aug"]
[Site "Chess.com INT"]
[Date "2021.08.24"]
[Round "7"]
[White "Persson, Richard"]
[Black "Tomaszewski, Kacper"]
[Result "0-1"]
[WhiteElo "2106"]
[BlackElo "2302"]
[PlyCount "74"]
[EventDate "2021.08.24"]
[EventType "swiss (blitz)"]
[EventRounds "11"]
[EventCountry "USA"]
[SourceTitle "EXT 2022"]
[Source "ChessBase"]
[SourceDate "2021.10.06"]
[SourceVersion "1"]
[SourceVersionDate "2021.10.06"]
[SourceQuality "1"]

1. e4 e5 2. f4 exf4 3. Nf3 d5 4. exd5 Nf6 5. d4 Nxd5 6. Bd3 Ne3 7. Bxe3 fxe3 8. Qe2 Bg4 9. Qxe3+ Be7 10. 0-0 Bxf3 11. Rxf3 Nc6 12. c3 0-0 13. Rh3 h6 14. Qe4 f5 15. Qe6+ Kh8 16. Rxh6+ gxh6 17. Qxh6+ Kg8 18. Bc4+ Rf7 19. Qg6+ Kh8 20. Bxf7 Bg5 21. Na3 Be3+ 22. Kh1 Qg5 23. Rf1 Qxg6 24. Bxg6 f4 25. Be4 Re8 26. Bxc6 bxc6 27. Nc4 Kg7 28. h3 c5 29. Nxe3 fxe3 30. dxc5 Kg6 31. Re1 Kg5 32. Kg1 Kf4 33. Kf1 Rd8 34. g3+ Kf3 35. g4 Rd2 36. g5 e2+ 37. Kg1 Rd1 0-1

[Event "Pattaya op"]
[Site "Pattaya"]
[Date "2018.10.30"]
[Round "8"]
[White "Nakvanich, Sahapol"]
[Black "Persson, Richard"]
[Result "0-1"]
[WhiteElo "1815"]
[BlackElo "2138"]
[PlyCount "92"]
[EventDate "2018.10.24"]
[EventType "swiss"]
[EventRounds "9"]
[EventCountry "THA"]
[SourceTitle "CBM 187 Extra"]
[Source "ChessBase"]
[SourceDate "2018.11.04"]
[SourceVersion "1"]
[SourceVersionDate "2018.11.04"]
[SourceQuality "1"]

1. e4 c5 2. Nf3 d6 3. d4 cxd4 4. Nxd4 Nf6 5. Nc3 a6 6. Be2 e5 7. Nb3 Be7 8. 0-0 0-0 9. Qd3 Qc7 10. Nd5 Nxd5 11. exd5 f5 12. c4 Nd7 13. Bd2 b6 14. Rac1 a5 15. a4 Nc5 16. Nxc5 bxc5 17. Bc3 Bd7 18. Bd1 Bg5 19. Ra1 Rae8 20. Bc2 Bf6 21. Qd2 Bd8 22. Rae1 f4 23. f3 Rf7 24. Re2 g5 25. Qe1 Ref8 26. g4 Be8 27. Rg2 Rg7 28. Kh1 Qa7 29. Rfg1 Rff7 30. h4 Rb7 31. hxg5 Bxg5 32. Rh2 Qb8 33. Rgg2 Rb3 34. Qa1 Bg6 35. Qd1 Rgb7 36. Bxb3 Rxb3 37. Re2 Rb7 38. Bxa5 Ra7 39. Bc3 Qa8 40. a5 Bd8 41. Qd2 Bxa5 42. Bxa5 Rxa5 43. b4 cxb4 44. Qxb4 Ra1+ 45. Kg2 Qa7 46. Qxd6 Qg1+ 0-1

[Event "Lund CellaVision Cup"]
[Site "Lund"]
[Date "2016.08.06"]
[Round "6"]
[White "Persson, Richard"]
[Black "Semcesen, Daniel"]
[Result "0-1"]
[WhiteElo "2118"]
[BlackElo "2457"]
[PlyCount "58"]
[EventDate "2016.08.05"]
[EventType "swiss"]
[EventRounds "8"]
[EventCountry "SWE"]
[SourceTitle "CBM 173 Extra"]
[Source "ChessBase"]
[SourceDate "2016.08.29"]
[SourceVersion "1"]
[SourceVersionDate "2016.08.29"]
[SourceQuality "1"]

1. e4 d6 2. d4 Nf6 3. Nc3 Nbd7 4. Be3 e5 5. f3 c6 6. Qd2 Be7 7. 0-0-0 0-0 8. g4 b5 9. h4 exd4 10. Bxd4 b4 11. Nce2 Qa5 12. Kb1 c5 13. Be3 Nb6 14. b3 d5 15. g5 d4 16. Bf4 Ne8 17. Qe1 Nd6 18. Nc1 Nb5 19. Bxb5 Qxb5 20. Qf1 Qc6 21. Nge2 a5 22. Ng3 Re8 23. h5 a4 24. Rd2 axb3 25. cxb3 c4 26. Rdh2 cxb3 27. axb3 Qc3 28. Rb2 Ba6 29. Nge2 Bd3+ 0-1

[Event "SWE-chT 1516 Superettan"]
[Site "Sweden"]
[Date "2016.01.30"]
[Round "5"]
[White "Persson, Richard"]
[Black "Gromark, Per Olof"]
[Result "1-0"]
[WhiteElo "2142"]
[BlackElo "1981"]
[PlyCount "83"]
[EventDate "2015.11.06"]
[EventType "team-tourn"]
[EventRounds "9"]
[EventCountry "SWE"]
[SourceTitle "EXT 2018"]
[Source "ChessBase"]
[SourceDate "2017.10.13"]
[SourceVersion "1"]
[SourceVersionDate "2017.10.13"]
[SourceQuality "1"]
[WhiteTeam "Malmo"]
[BlackTeam "Orgryte"]
[WhiteTeamCountry "SWE"]
[BlackTeamCountry "SWE"]

1. Nf3 Nf6 2. c4 e6 3. g3 d5 4. b3 c5 5. Bg2 Nc6 6. e3 d4 7. exd4 cxd4 8. 0-0 Bd6 9. Bb2 e5 10. b4 0-0 11. b5 Ne7 12. Re1 Nd7 13. d3 f6 14. a4 Nc5 15. Re2 Bf5 16. Ne1 Qe8 17. Ba3 Rb8 18. Nd2 Qg6 19. Ne4 Bxe4 20. Bxe4 Nxe4 21. Rxe4 f5 22. Re2 Bxa3 23. Rxa3 Qd6 24. Qb3 Qc5 25. Nf3 Ng6 26. Nd2 Kh8 27. Ra1 a5 28. Qa3 Qxa3 29. Rxa3 b6 30. Nb3 Rbc8 31. c5 bxc5 32. Nxa5 e4 33. Nc4 exd3 34. Rxd3 Rce8 35. Rdd2 f4 36. b6 f3 37. Rxe8 Rxe8 38. Kf1 Ne7 39. a5 Nc6 40. a6 Ra8 41. a7 Nxa7 42. Ra2 1-0

[Event "SRB Central-ch op-A 8th"]
[Site "Paracin"]
[Date "2015.07.08"]
[Round "7"]
[White "Popovic, Aleksandar M"]
[Black "Persson, Richard"]
[Result "1-0"]
[WhiteElo "2246"]
[BlackElo "2158"]
[PlyCount "51"]
[EventDate "2015.07.03"]
[EventType "swiss"]
[EventRounds "9"]
[EventCountry "SRB"]
[SourceTitle "CBM 167 Extra"]
[Source "ChessBase"]
[SourceDate "2015.09.14"]
[SourceVersion "1"]
[SourceVersionDate "2015.09.14"]
[SourceQuality "1"]

1. e4 e6 2. d3 d5 3. Nd2 c5 4. g3 Nc6 5. Bg2 Nf6 6. Ngf3 Qc7 7. 0-0 Be7 8. Re1 0-0 9. c3 b5 10. Qe2 a5 11. a4 Ba6 12. e5 Nd7 13. axb5 Bxb5 14. c4 dxc4 15. dxc4 Ba6 16. b3 Rab8 17. Bb2 Nb6 18. Bc3 Nd5 19. Bb2 Nb6 20. Ne4 Rfd8 21. Nf6+ gxf6 22. exf6 Bd6 23. Ng5 Kf8 24. Qh5 Nd4 25. Bxd4 cxd4 26. Rxe6 1-0

[Event "SRB Central-ch op-A 8th"]
[Site "Paracin"]
[Date "2015.07.03"]
[Round "1"]
[White "Milenkovic, Mladen"]
[Black "Persson, Richard"]
[Result "0-1"]
[WhiteElo "2344"]
[BlackElo "2158"]
[PlyCount "92"]
[EventDate "2015.07.03"]
[EventType "swiss"]
[EventRounds "9"]
[EventCountry "SRB"]
[SourceTitle "CBM 167 Extra"]
[Source "ChessBase"]
[SourceDate "2015.09.14"]
[SourceVersion "1"]
[SourceVersionDate "2015.09.14"]
[SourceQuality "1"]

1. e4 d5 2. exd5 Qxd5 3. Nc3 Qd6 4. d4 Nf6 5. Bg5 c6 6. Qd2 Bf5 7. Nf3 Nbd7 8. 0-0-0 e6 9. Bf4 Qb4 10. a3 Qa5 11. Ne5 Nxe5 12. dxe5 Nd5 13. Nxd5 Qxd2+ 14. Rxd2 exd5 15. Bd3 Bxd3 16. Rxd3 Bc5 17. Bg3 h5 18. f4 0-0-0 19. Rf1 Rde8 20. h3 h4 21. Bh2 Bb6 22. g4 hxg3 23. Rxg3 Rh7 24. Bg1 Bxg1 25. Rgxg1 Kd7 26. Rg3 Re7 27. Kd2 Ke6 28. Ke3 g6 29. Kf3 Re8 30. Kg2 Reh8 31. Rff3 Rh5 32. b3 c5 33. c3 Kf5 34. Rg4 d4 35. b4 b6 36. bxc5 bxc5 37. cxd4 cxd4 38. Rd3 Ke4 39. Rb3 Rf5 40. Kg3 Rd8 41. Rb1 d3 42. Re1+ Kd4 43. Kf3 d2 44. Ra1 Kc3 45. Ke2 Kb2 46. Rd1 Kc2 0-1

[Event "SRB Central-ch op-A 7th"]
[Site "Paracin"]
[Date "2014.07.09"]
[Round "7"]
[White "Carnic, Srdjan"]
[Black "Persson, Richard"]
[Result "1-0"]
[WhiteElo "2324"]
[BlackElo "2192"]
[PlyCount "56"]
[EventDate "2014.07.04"]
[EventType "swiss"]
[EventRounds "9"]
[EventCountry "SRB"]
[SourceTitle "CBM 161 Extra"]
[Source "ChessBase"]
[SourceDate "2014.08.29"]
[SourceVersion "1"]
[SourceVersionDate "2014.08.29"]
[SourceQuality "1"]

1. d4 d5 2. c4 e6 3. Nf3 c6 4. Qc2 dxc4 5. Qxc4 b5 6. Qc2 Bb7 7. e4 Nf6 8. Bd3 Nbd7 9. 0-0 a6 10. a4 Be7 11. Bg5 h6 12. Bh4 g5 13. Bg3 Nh5 14. Nbd2 Rc8 15. Rad1 Nxg3 16. hxg3 Qb6 17. Qc3 0-0 18. a5 Qc7 19. b4 e5 20. Nb3 exd4 21. Nfxd4 Qd6 22. Nf5 Qf6 23. e5 Nxe5 24. Nxe7+ Qxe7 25. Rfe1 c5 26. Rxe5 cxb4 27. Qxc8 Qxe5 28. Qxb7 Qc3 1-0